Sátoraljaújhely turisztikai fejlődése és a környező területek bemutatása

Bibliográfiai részletek
Szerző: Galambos Bianka
További közreműködők: Schultz Éva
Dokumentumtípus: Záródolgozat
Kulcsszavak:Turizmus
Aktív turizmus
Sátoraljaújhely
Online Access:http://dolgozattar.uni-bge.hu/23119

MARC

LEADER 00000nta a2200000 i 4500
001 dolg23119
005 20200225152916.0
008 191120suuuu hu o 000 hun d
040 |a BGE Dolgozattár Repozitórium  |b hun 
041 |a hu 
100 1 |a Galambos Bianka 
245 1 0 |a Sátoraljaújhely turisztikai fejlődése és a környező területek bemutatása  |c Galambos Bianka  |h [elektronikus dokumentum] 
516 |a Final_paper 
695 |a Turizmus 
695 |a Aktív turizmus 
695 |a Sátoraljaújhely 
700 1 |a Schultz Éva  |e ths 
856 4 0 |u http://dolgozattar.uni-bge.hu/23119/1/Galambos_Bianka_JPIJRZ_TVIS.pdf  |z Dokumentum-elérés